01128 2200277 4500001002100000005001500021035002000036007000300056008004100059020002200100082001000122084001500132100006000147245017900207250001000386260010200396300003500498650002600533700001800559700005600577700004600633520002500679520012400704990001100828990001100839INLIS00000000000455420191202094512 a0010-1219000006ta191202 g 0 ind  a978-602-6751-78-2 a302.2 a302.2 KOM0 aKOMUNIKASI, Berkemajuan dalam Dinamika Media dan Budaya1 aKomunikasi Berkemajuan dalam Dinamika Media dan Budaya /cAbrar Adhani, Achmad Nashrudin, Ade Putranto Prasetyo Wijiharto Tunggali, dkk; editor, Filosa Gita Sukmono, Nurudin acet.1 aYogyakarta :bAsosiasi Pendidikan Ilmu Komunikasi Perguruan Tinggi Muhammadiyah (APIK PTM),c2017 axx, 604 hlm. :bilus. ;c24 cm 4aSOSIOLOGI. KOMUNIKASI0 aABRAR, Adhani0 aACHMAD, Berkemajuan dalam Dinamika Media dan Budaya0 aADE, Putranto Prasetyo Wijiharto Tunggali atermasuk bibliografi apenerbit bekerja sama dengan Program Studi Ilmu Komunikasi Universitas Muhammadiyah Ponorogo dan Buku Litera Yogyakarta a7225 a a7225 b